000 00692nam a2200229Ia 4500
003 OSt
005 20230817143655.0
008 210716s2008 xx 000 0 und d
020 _a9788173666728
040 _cAIMIT LIBRARY
041 _aeng
082 _a005.432
_21
_bCARG
100 _aCarter, Gerald.
_9129709
245 _aLDAP system administration /
_cBy Gerald Carter.
250 _a1st ed.
260 _aNew Delhi :
_bShroff Publishers and Distributors Pvt Ltd ,
_c2008.
300 _axii,294,15 p.;
_bPB
_c24 cm.
650 _aOpenLDAP
_9129710
650 _aApplication integration
_9129711
650 _aLDAP interoperability
_9129712
942 _2ddc
_cBK
_e1st
_k005.432 CARG
999 _c191100
_d191100